| 000 | 01112cam a2200277 4500 | ||
|---|---|---|---|
| 001 | ##L132551 | ||
| 008 | 060217n2005 000 0 eng u | ||
| 020 | _a190311554X | ||
| 035 | _a(Sirsi) u132551 | ||
| 041 | 0 | _aeng | |
| 050 | 0 | 4 | _a711.552 $2 18 |
| 110 | 2 |
_aBritish Council of Shopping Centres _91982 |
|
| 245 | 0 | 0 |
_aWhat's in store _binside retail property to the year 2020 |
| 260 |
_aCrawley _bWilliam Reed Publishing Ltd _c2005 |
||
| 300 |
_a58p _bill _c30cm |
||
| 350 | _a80 | ||
| 520 | _aLooks at the shopping centre in the year 2020. Provides an overview on the subject, and then discusses the future from the standpoints of economic developments, transport, service, regeneration, demographics, design, the challenge from the internet, the shopping experience, technological developments, marketing, investment, refurbishment and strategy. | ||
| 690 | _aPROPERTY-COMMERCIAL PROPERTY-RETAIL PROPERTY | ||
| 700 | 1 | _aDunn, John | |
| 700 | 1 | _aGregory, Helen | |
| 700 | 1 | _aCavanagh, Elaine | |
| 700 | 1 | _aWest, Tracy | |
| 700 | 1 | _aWilliams, Eric | |
| 700 | 1 | _aTaplin, Michael | |
| 942 | _n0 | ||
| 999 |
_c105183 _d105183 |
||